Césars 2026 - Statistiques

Statistiques générales
  • Ce quiz a été pris 124 fois
  • Le résultat moyen est 11 sur 14
Statistiques - réponses
Question Réponse % Correct
Quel acteur a reçu le César du meilleur acteur ? Laurent Lafitte dans La Femme la plus riche du monde
95%
Quelle actrice a reçu le César de la meilleure actrice ? Léa Drucker dans Dossier 137
94%
Quel film a reçu le César du meilleur film ? L'Attachement de Carine Tardieu
92%
Quel acteur a reçu le César du meilleur acteur dans un second rôle ? Pierre Lottin dans L'Étranger
91%
Quel film a reçu le César du meilleur scénario original ? Franck Dubosc, Sarah Kaminsky pour Un ours dans le Jura
84%
Quelle actrice a reçu le César de la meilleure révélation féminine ? Nadia Melliti dans La Petite Dernière
84%
Quel film a reçu le César du meilleur film étranger ? Une bataille après l'autre de Paul Thomas Anderson
82%
Quel film a reçu le César du meilleur film documentaire ? Le Chant des forêts de Vincent Munier
81%
Quel acteur a reçu le César de la meilleure révélation masculine ? Théodore Pellerin dans Nino
81%
Quel film a reçu le César du meilleur film d'animation ? Arco d'Ugo Bienvenu
75%
Quelle actrice a reçu le César de la meilleure actrice dans un second rôle ? Vimala Pons dans L'Attachement
73%
Quelle personne a reçu le César de la meilleure réalisaton ? Richard Linklater pour Nouvelle Vague
70%
Quel film a reçu le César du meilleur premier film ? Nino de Pauline Loquès
69%
Quel film a reçu le César de la meilleure adaptation ? Carine Tardieu, Raphaële Moussafir et Agnès Feuvre pour L'Attachement
62%
Aucun quiz correspondant
Distribution des résultats
% des personnes avec chaque résultat
Percentile par nombre de réponses
Votre historique - résultats
Vous n’avez pas pris ce quiz